Úprimnosť ma raz zabije rozhovor kola s Ladislavom Molnárom, trénerom Dukly Banská Bystrica

Bibliographic Details
Other Authors: Lehoťan, Ivor, 1966- (Interviewer)
Format: Article
Language:Slovak
PhysicalDescription:Fotogr.
ISSN:0139-7001
Subjects:

MARC

LEADER 00000nab a2200000 ar4500
001 vtls008983763
003 SK-MaSNL
005 20260303101615.0
008 070427c20070417xo mr|p|||||||000 b|slo
015 |a SNKBUCL2007/04  |2 snkbucl 
038 |a SNKBUCL 
040 |a SNKBUCL  |b slo  |c SNKBUCL  |e AACR2 
041 0 |a slo 
044 |a xo  |c SK 
080 |a 796.332.071  |2 2001 
100 1 |a Lehoťan, Ivor,  |d 1966-  |4 ivr  |9 105454 
245 1 0 |a Úprimnosť ma raz zabije  |b rozhovor kola s Ladislavom Molnárom, trénerom Dukly Banská Bystrica  |c [zhováral sa] Ivor Lehoťan 
300 |b Fotogr. 
600 1 7 |a Molnár, Ladislav,  |d 1960-  |2 snkbucl  |9 886717 
650 0 7 |a futbal  |2 snkbucl  |9 3291 
650 0 7 |a futbaloví tréneri  |2 agk  |9 68566 
651 7 |a Sládkovičovo (Slovensko)  |x osobnosti  |2 agk  |9 1113538 
655 7 |a rozhovory  |2 agk  |9 31831 
700 1 |a Molnár, Ladislav,  |d 1960-  |4 ive  |9 886717 
773 0 |t Šport  |g Roč. 61, č. 88 (17.4.2007), s. 5  |x 0139-7001 
852 |a SNK  |b KIS3GCP 
999 |c 1839413  |d 1841343